| 000 | 00940nam a22003377a 4500 | ||
|---|---|---|---|
| 001 | BR0503241 | ||
| 003 | BR-BrBNA | ||
| 005 | 20230928101928.0 | ||
| 007 | ta | ||
| 008 | 230509b bl.||||| |||| 00| 0 por d | ||
| 040 |
_aBR-BrBNA _bpor _cBiblioteca Nacional de Agricultura |
||
| 041 | _a(Por) | ||
| 072 | _aE70; E71; E16 | ||
| 090 | _ E70 BR0503241 | ||
| 110 | 1 |
_aServiço de Apoio às Micro e Pequenas Empresas, Recife, PE (Brasil) _99427 |
|
| 245 | 1 | _aFloricultura em Pernambuco | |
| 260 | 3 |
_aRecife, PE (Brasil): _c2002. |
|
| 300 | _a82 p. | ||
| 500 | _a17 ref.; 95 tables; 38 illus. | ||
| 650 | _aFLORICULTURA | ||
| 650 | _aMERCADO NACIONAL | ||
| 650 | _aMERCADO INTERNACIONAL | ||
| 650 | _aDADOS ESTATÍSTICOS | ||
| 650 | _aCURSO | ||
| 650 | _aDOENÇA DE PLANTA | ||
| 650 | _aPRAGA DE PLANTA | ||
| 650 | _aSISTEMA DE PRODUÇÃO | ||
| 650 | _aPERNAMBUCO | ||
| 909 |
_a202309 _bLucia _c55 _dLucia Elande |
||
| 942 | _cBK | ||
| 999 |
_c68272 _d68272 |
||